| 000 | 00416 a2200133 4500 | ||
|---|---|---|---|
| 001 | 91307 | ||
| 082 | _aPR 1205 | ||
| 090 |
_c43413 _d43412 |
||
| 100 | _aShakir Qasim Ali, Prof Nudrat Kazmi and Shakeel (Advisors) | ||
| 245 |
_aStudy of Ground Effects on F-6 and F-7P Aircrafts using CAE Subsonic Wind Tunnel _n43 "A" EC |
||
| 260 |
_aKarachi _bNED University _c1995 |
||
| 300 | _a150p | ||
| 500 | _aBE Project Reports | ||
| 942 |
_aCAE NUST _kPR 1205 |
||
| 999 |
_c326380 _d326380 |
||